La cultura nei colori #8 - Oro - Statistics

Statistiche generali
  • Questo quiz è stato fatto 744 volte
  • Il punteggio medio è 9 su 20
Statistiche sulle risposte
Definizioni Risposte % Corretto
In un famoso detto popolare ha l'oro in bocca Mattino
81%
Premio che a Venezia viene dato al miglior film Leone d'Oro
76%
Premio assegnato dalla rivista France Football al miglior calciatore dell'anno Pallone d'Oro
76%
Mitico re che tramutava in oro tutto quello che toccava Re Mida
75%
Premio che a Cannes viene dato al miglior film Palma d'Oro
70%
Luogo leggendario pieno di ricchezze cercato dai conquistadores El Dorado
61%
Uno dei soprannomi di Maradona Pibe de Oro
61%
Il cantante di "Oro" Mango
59%
Nazione con più medaglie d'oro vinte nelle Olimpiadi Invernali Norvegia
50%
Iconografico ponte di San Francisco Golden Gate
49%
Premio che a Berlino viene dato al miglior film Orso d'Oro
48%
Così è detta la maglia di calcio del Brasile Verde Oro
44%
Numero atomico dell'Oro 79
36%
Lo adorarono gli ebrei durante l'Esodo Vitello d'Oro
30%
Così era chiamata Caterina Caselli Casco d'Oro
23%
Antagonista di James Bond in un celebre film della serie Auric Goldfinger
22%
Nazione conosciuta fino agli anni '60 come Costa d'Oro Ghana
12%
Film del 1925 di Charlie Chaplin La Febbre dell'Oro
12%
Estuario naturale che divide la città di Istanbul Corno d'Oro
9%
Libro del 1995 di Philip Pullman La Bussola d'Oro
8%
Nessun quiz corrispondente trovato
Distribuzione punteggi
Percentuale di utenti per punteggio
Percentile per numero di risposta
I tuoi punteggi nel tempo
Non hai fatto questo quiz